000
00255nam a22001097a 4500
005
20251104111501.0
100
_a
Ambily, K.K.
245
_a
Randamgadu valamidan samayamayi
260
_b
Rubber, 713(October): 6-8.
_c
2025
300
_b
Malayalam
942
_c
JS
999
_c
75748
_d
75748